00971nam a2200217 i 45000010005000000030009000050050017000140070003000310080041000340800022000751000057000972450221001542600031003753000020004065020037004266000058004637000058005218520035005799990015006149520124006299525ES-MaACL20250730174140.0t|931007s1992 sp ||||1| spa d a82(Orwell,G.1.06)1 aGoicoechea Ocerinjauregui, María del Pilar.95761313aEl Socialismo humanista de George Orwell y la Europa de su tiempo en su obra literaria (1903-1950) / cTesis realizada por María del Pilar Goicoechea Ocerinjauregui ; dirigida por Mario Hernández Sánchez Barba. aMadrid : b[s.n.], c1992. a2 v. ; c30 cm. aTesis Univ. Complutense, Madrid.14aOrwell, George-xCrítica e interpretación.9877041 aHernández Sánchez-Barba, Mario,d1925-2021963053 aES-MaACLjL-16988-9 bR.121411 c9525d9525 00104070aATENEOMbATENEOMcDEPO2d2008-01-17eSCl0oL-16988-9p1009718r2023-02-23 00:00:00w2023-02-23yMONOGRAFIA